000 00770nam a22002297a 4500
005 20170124110200.0
010 _aA-681427
020 _c00.00
_a8185880158
035 _aA-681427
037 _bCen Lib/Ret
040 _aDPL
_bEN
082 _a230.61
_bMAD
100 _aMadani, Mohsen Saeidi
_935976
245 _aImpact of Hindu culture on Muslims /
_cby Mohsen Saeidi Madani
260 _aNew Delhi
_bM. D. Publications
_c1993
270 _bNew Delhi
_a11 Darya Ganj
_e110002
300 _a181p. :
_c22cm(Hb)
_bcol.ill.
500 _aIncludes bibliographical references
650 _aMuslims -- India -- Patna -- Social life and customs -- Hindu influences
_935977
650 _aHinduism -- Influence
_935978
942 _2ddc
_cEN
_h230.61
_mMAD
999 _c132865
_d132865